Clinical treatment of aniseikonia, (Record no. 17548)
[ view plain ]
| 000 -LEADER | |
|---|---|
| fixed length control field | 00784cam a22002531 4500 |
| 001 - CONTROL NUMBER | |
| control field | ca 34001540 |
| 003 - CONTROL NUMBER IDENTIFIER | |
| control field | DLC |
| 005 - DATE AND TIME OF LATEST TRANSACTION | |
| control field | 20260227111134.0 |
| 008 - FIXED-LENGTH DATA ELEMENTS--GENERAL INFORMATION | |
| fixed length control field | 811121s1934 xx a 000 0 eng |
| 010 ## - LIBRARY OF CONGRESS CONTROL NUMBER | |
| LC control number | ca 34001540 |
| 035 ## - SYSTEM CONTROL NUMBER | |
| System control number | (OCoLC)14733491 |
| 040 ## - CATALOGING SOURCE | |
| Original cataloging agency | DLC |
| Transcribing agency | DNLM |
| Modifying agency | DLC |
| 042 ## - AUTHENTICATION CODE | |
| Authentication code | premarc |
| 050 00 - LIBRARY OF CONGRESS CALL NUMBER | |
| Classification number | RE939 |
| Item number | .M3 |
| 060 0# - NATIONAL LIBRARY OF MEDICINE CALL NUMBER | |
| Classification number | WW 300 |
| Item number | M182c 1934 |
| 100 1# - MAIN ENTRY--PERSONAL NAME | |
| Personal name | Madigan, Leo Francis, |
| Dates associated with a name | 1895- |
| 245 10 - TITLE STATEMENT | |
| Title | Clinical treatment of aniseikonia, |
| Statement of responsibility, etc. | by Leo F. Madigan and Elmer H. Carleton ... |
| 260 ## - PUBLICATION, DISTRIBUTION, ETC. | |
| Place of publication, distribution, etc. | Southbridge, Mass., |
| Name of publisher, distributor, etc. | American optical company, |
| Date of publication, distribution, etc. | c1934. |
| 300 ## - PHYSICAL DESCRIPTION | |
| Extent | 111 l. |
| Other physical details | ill. |
| 500 ## - GENERAL NOTE | |
| General note | Mimeographed. |
| 500 ## - GENERAL NOTE | |
| General note | Case record envelope mounted on numb. leaf 106. |
| 504 ## - BIBLIOGRAPHY, ETC. NOTE | |
| Bibliography, etc. note | Bibliography: numb. leaf 111. |
| 700 1# - ADDED ENTRY--PERSONAL NAME | |
| Personal name | Carleton, Elmer Howard, |
| Dates associated with a name | 1868- |
No items available.